|
|
|
|
| LEADER |
00000nam0a2200000 4500 |
| 001 |
332137 |
| 005 |
20231102004427.0 |
| 035 |
|
|
|a (RuTPU)RU\TPU\book\358039
|
| 035 |
|
|
|a RU\TPU\book\255823
|
| 090 |
|
|
|a 332137
|
| 100 |
|
|
|a 20170517d1895 m y0rusy50 ca
|
| 101 |
0 |
|
|a rus
|
| 102 |
|
|
|a RU
|
| 105 |
|
|
|a a j 001zy
|
| 200 |
1 |
|
|a Краткий курс палеонтологии. Палезоология. Вып. 1
|e учебное пособие
|f И. И. Лагузен
|
| 210 |
|
|
|a Санкт-Петербург
|c Типография Императорской Академии наук
|d 1895
|
| 215 |
|
|
|a 550, XXV, 551-741 с.
|c ил.
|
| 300 |
|
|
|a Разд. пагинация стр.
|
| 316 |
|
|
|5 63413507: 18//59
|a На тит. листе аббревиатура "БК"
|
| 317 |
|
|
|5 63413507: 18//59
|a Поступила в НТБ в 1900 г. в составе книжного собрания С. Н. Кулибина.
|
| 320 |
|
|
|a Алф. указ латинских имен: с. 721-741
|
| 320 |
|
|
|a Библиогр.: с. V-XXV
|
| 464 |
|
|
|t Краткий курс палеонтологии. Палезоология. Вып. 2
|d 1897
|
| 464 |
|
|
|t Краткий курс палеонтологии. Палезоология. Вып. 3
|
| 606 |
1 |
|
|a Палеонтология
|2 stltpush
|3 (RuTPU)RU\TPU\subj\47998
|9 66880
|
| 606 |
1 |
|
|a Палеозоология
|2 stltpush
|3 (RuTPU)RU\TPU\subj\47985
|9 66868
|
| 610 |
1 |
|
|a губки
|
| 610 |
1 |
|
|a кишечнополостные
|
| 610 |
1 |
|
|a медузы
|
| 610 |
1 |
|
|a ракообразные
|
| 610 |
1 |
|
|a учебные пособия
|
| 610 |
1 |
|
|a конволют
|
| 675 |
|
|
|a 56(075.8)
|v 3
|
| 675 |
|
|
|a 562/569(075.8)
|v 3
|
| 700 |
|
1 |
|a Лагузен
|b И. И.
|c российский геолог и палеонтолог
|c профессор, директор горного института с 1901 по 1903 год
|f 1846-1911
|g Иосиф Иванович
|2 stltpush
|3 (RuTPU)RU\TPU\pers\38558
|
| 801 |
|
1 |
|a RU
|b 63413507
|c 20130327
|
| 801 |
|
2 |
|a RU
|b 63413507
|c 20171018
|g RCR
|
| 942 |
|
|
|c BK
|